TV Shows Fill-In the Blanks #2 - Statistics

General Stats
  • This quiz has been taken 1,445 times
  • The average score is 16 of 28
Answer Stats
Show % Correct
Grey's {Anatomy}
95%
Hannah {Montana}
91%
Boy Meets {World}
85%
Everybody Loves {Raymond}
85%
{Hawaii} Five-O
85%
{Breaking} Bad
83%
Real {Housewives} of Atlanta
82%
{Charlie's} Angels
77%
{Jersey} Shore
76%
{South} Park
76%
{Phineas} and Ferb
72%
Star {Trek}
71%
{Magnum} P.I.
69%
Battlestar {Galactica}
67%
Fear {Factor}
64%
The Dukes of {Hazzard}
63%
The Beverly {Hillbillies}
57%
{Burn} Notice
52%
{Full} House
49%
{Futur}ama
47%
{Planet} Earth
31%
{N.Y.P.D.} Blue
29%
{Ninja} Warrior
25%
{Tosh}.0
23%
The {Crocodile} Hunter
21%
{Fras}ier
19%
Gold {Rush}
18%
Good {Eats}
2%
No matching quizzes found
Score Distribution
Percent of People with Each Score
Percentile by Number Answered
Your Score History
You have not taken this quiz